| 000 | 00700cam a2200241 4500 | ||
|---|---|---|---|
| 008 | 090401t1991 xxu||||| |||| 00| 0 eng d | ||
| 020 | _a0750612258 | ||
| 035 | _a(Sirsi) u6150 | ||
| 041 | _aeng | ||
| 050 | _a690.3 | ||
| 100 | _aCornick, Tim | ||
| 245 | _aQuality management for building design. | ||
| 260 |
_aGuildford _bButterworth Architecture _c1991 |
||
| 300 | _axv,218p. ; 24cm. | ||
| 350 | _a32.5 | ||
| 490 | _aButterworth Architecture Management Guides | ||
| 650 | _aBUILT ENVIRONMENT-CONSTRUCTION DESIGN | ||
| 650 | _aQUALITY ASSURANCE | ||
| 650 | _aQUALITY MANAGEMENT | ||
| 690 | _aMANAGEMENT-BUSINESS MANAGEMENT-PROFESSIONAL PRACTICE | ||
| 942 | _n0 | ||
| 948 | _c04/03/1997 | ||
| 999 |
_c86249 _d86249 |
||